<?xml version="1.0" encoding="UTF-8"?>
<record
    xmlns:xsi="http://www.w3.org/2001/XMLSchema-instance"
    xsi:schemaLocation="http://www.loc.gov/MARC21/slim http://www.loc.gov/standards/marcxml/schema/MARC21slim.xsd"
    xmlns="http://www.loc.gov/MARC21/slim">

  <leader>00315nam a22001217a 4500</leader>
  <datafield tag="040" ind1=" " ind2=" ">
    <subfield code="c">Nust</subfield>
  </datafield>
  <datafield tag="082" ind1=" " ind2=" ">
    <subfield code="a">297</subfield>
    <subfield code="b">SAS</subfield>
  </datafield>
  <datafield tag="100" ind1=" " ind2=" ">
    <subfield code="a">Maulana Ashraf Ali Thanvi</subfield>
    <subfield code="9">114492</subfield>
  </datafield>
  <datafield tag="245" ind1=" " ind2=" ">
    <subfield code="a">&#x634;&#x631;&#x6CC;&#x639;&#x62A; &#x648; &#x637;&#x631;&#x6CC;&#x642;&#x62A;</subfield>
  </datafield>
  <datafield tag="260" ind1=" " ind2=" ">
    <subfield code="a">Lahore:</subfield>
    <subfield code="b">Idara Islamiat,</subfield>
    <subfield code="c">1981.</subfield>
  </datafield>
  <datafield tag="650" ind1=" " ind2=" ">
    <subfield code="a">&#x634;&#x631;&#x6CC;&#x639;&#x62A; &#x648; &#x637;&#x631;&#x6CC;&#x642;&#x62A;</subfield>
    <subfield code="9">126056</subfield>
  </datafield>
  <datafield tag="942" ind1=" " ind2=" ">
    <subfield code="2">ddc</subfield>
    <subfield code="c">BK</subfield>
  </datafield>
  <datafield tag="999" ind1=" " ind2=" ">
    <subfield code="c">612533</subfield>
    <subfield code="d">612533</subfield>
  </datafield>
  <datafield tag="952" ind1=" " ind2=" ">
    <subfield code="0">0</subfield>
    <subfield code="1">0</subfield>
    <subfield code="2">ddc</subfield>
    <subfield code="4">0</subfield>
    <subfield code="7">0</subfield>
    <subfield code="a">CEME</subfield>
    <subfield code="b">CEME</subfield>
    <subfield code="c">GEN</subfield>
    <subfield code="d">2025-01-08</subfield>
    <subfield code="l">0</subfield>
    <subfield code="o">297 SAS</subfield>
    <subfield code="p">CEME-  33924</subfield>
    <subfield code="r">2025-01-08</subfield>
    <subfield code="w">2025-01-08</subfield>
    <subfield code="y">BK</subfield>
  </datafield>
</record>
